000 00329nam a2200145Ia 4500
001 R-329
003 CODICE-MESSINA
005 20260212102450.0
008 260211s9999 xx 000 0 und d
040 _cimportazione_messina
100 _aCarlo Castellaneta
245 0 _aOmbre
260 _bEdizione Cde
942 _2ddc
_cBK
999 _c26813
_d26813